| 000 -LEADER |
| fixed length control field |
00809nam a2200229Ia 4500 |
| 001 - CONTROL NUMBER |
| control field |
9424 |
| 003 - CONTROL NUMBER IDENTIFIER |
| control field |
GE_BSU |
| 008 - FIXED-LENGTH DATA ELEMENTS--GENERAL INFORMATION |
| fixed length control field |
181216s||||||||xx |||||||||||||| ||und|| |
| 040 ## - CATALOGING SOURCE |
| Transcribing agency |
GE_BSU |
| 080 ## - UNIVERSAL DECIMAL CLASSIFICATION NUMBER |
| Universal Decimal Classification number |
821.353.1–32 |
| 100 ## - MAIN ENTRY--PERSONAL NAME |
| Personal name |
მაისურაძე,ელიზბარ |
| 245 ## - TITLE STATEMENT |
| Title |
ჭადრებადქცეული ვაჟკაცები |
| 245 ## - TITLE STATEMENT |
| Remainder of title |
მოთხრობები |
| 245 ## - TITLE STATEMENT |
| Statement of responsibility, etc. |
რედ.ჯ.ნიქაბაძე,მხატვ.ნ.ლაფაჩი |
| 260 ## - PUBLICATION, DISTRIBUTION, ETC. |
| Place of publication, distribution, etc. |
თბილისი |
| 260 ## - PUBLICATION, DISTRIBUTION, ETC. |
| Name of publisher, distributor, etc. |
საბჭოთა საქართველო |
| 260 ## - PUBLICATION, DISTRIBUTION, ETC. |
| Date of publication, distribution, etc. |
1971 |
| 300 ## - PHYSICAL DESCRIPTION |
| Extent |
300გვ.20სმ. |
| 653 ## - INDEX TERM--UNCONTROLLED |
| Uncontrolled term |
მოთხრობები |
| 653 ## - INDEX TERM--UNCONTROLLED |
| Uncontrolled term |
ჭადრებადქცეული ვაჟკაცები |
| 942 ## - ADDED ENTRY ELEMENTS (KOHA) |
| Koha item type |
წიგნი |